<?xml version="1.0" encoding="UTF-8"?><?xml-stylesheet type="text/xsl" href="static/style.xsl"?><OAI-PMH xmlns="http://www.openarchives.org/OAI/2.0/" xmlns:xsi="http://www.w3.org/2001/XMLSchema-instance" xsi:schemaLocation="http://www.openarchives.org/OAI/2.0/ http://www.openarchives.org/OAI/2.0/OAI-PMH.xsd"><responseDate>2026-06-02T02:03:24Z</responseDate><request verb="GetRecord" identifier="oai:riuma.uma.es:10630/13155" metadataPrefix="marc">https://riuma.uma.es/rest/oai/request</request><GetRecord><record><header><identifier>oai:riuma.uma.es:10630/13155</identifier><datestamp>2026-02-03T10:24:15Z</datestamp><setSpec>com_10630_1685</setSpec><setSpec>col_10630_38055</setSpec></header><metadata><record xmlns="http://www.loc.gov/MARC21/slim" xmlns:dcterms="http://purl.org/dc/terms/" xmlns:doc="http://www.lyncode.com/xoai" xmlns:xsi="http://www.w3.org/2001/XMLSchema-instance" xsi:schemaLocation="http://www.loc.gov/MARC21/slim http://www.loc.gov/standards/marcxml/schema/MARC21slim.xsd">
   <leader>00925njm 22002777a 4500</leader>
   <datafield ind2=" " ind1=" " tag="042">
      <subfield code="a">dc</subfield>
   </datafield>
   <datafield ind2=" " ind1=" " tag="720">
      <subfield code="a">González Deblas, Blanca</subfield>
      <subfield code="e">author</subfield>
   </datafield>
   <datafield ind2=" " ind1=" " tag="260">
      <subfield code="c">2017-03-07</subfield>
   </datafield>
   <datafield ind2=" " ind1=" " tag="520">
      <subfield code="a">El proyecto titulado Grains de beauté es una instalación artística compuesta por un conjunto de fotografías en las que se relacionan un conjunto de figuras a pequeña escala y mi propio cuerpo como mapa o territorio que los alberga.&#xd;
Las analogías entre estos objetos y determinados elementos de mi cuerpo como los lunares, permiten establecer un juego&#xd;
de relaciones que generan una poética, producida por la combinación de ambos. He considerado la fotografía como el soporte más apropiado para representar este juego ya que me permite generar imágenes de apariencia real, que se ven implementadas por la aportación de los objetos, permitiéndome además indagar y analizar diversas posibilidades de carácter plástico y visual en mi proyecto.&#xd;
Este proyecto surge de la necesidad de tamizar las diversas ideas que he ido adquiriendo a lo largo de la carrera y que me han permitido conocerme más, así como la necesidad de plasmar la relación con el mundo que me rodea. He generado una transformación de pequeños elementos cotidianos que pueden pasar desapercibidos para la mayoría, al formato&#xd;
artístico para ensalzarlos como elementos significativos. El resultado ha sido una simbiosis entre elementos de distinta&#xd;
procedencia (lunares y objetos), aparentemente, pero sin embargo enlazados como un tejido.&#xd;
En conclusión, se trata de un proyecto autobiográfico, un retrato entre el cuerpo, lo propio y lo que me rodea, lo externo.</subfield>
   </datafield>
   <datafield ind1="8" ind2=" " tag="024">
      <subfield code="a">http://hdl.handle.net/10630/13155</subfield>
   </datafield>
   <datafield tag="653" ind2=" " ind1=" ">
      <subfield code="a">Grado en Bellas Artes - Trabajos Fin de Grado</subfield>
   </datafield>
   <datafield tag="653" ind2=" " ind1=" ">
      <subfield code="a">Bellas Artes - Trabajos Fin de Grado</subfield>
   </datafield>
   <datafield ind2="0" ind1="0" tag="245">
      <subfield code="a">Grains de beauté</subfield>
   </datafield>
</record>
</metadata></record></GetRecord></OAI-PMH>